Marketing in the participation age a guide to motivating people to join, share, take part, connect, and engage /

Bibliographic Details
Main Author: Middleton, Daina.
Corporate Author: ProQuest (Firm)
Format: Electronic eBook
Language:English
Published: Hoboken, N.J. : Wiley, 2013.
Subjects:
Online Access:Click to View
LEADER 01262nam a2200325 a 4500
001 EBC1068435
003 MiAaPQ
005 20200520144314.0
006 m o d |
007 cr cn|||||||||
008 121129s2013 nju sb 001 0 eng d
020 |z 9781118402306 (cloth) 
020 |a 9781118431962 (electronic bk.) 
035 |a (MiAaPQ)EBC1068435 
035 |a (Au-PeEL)EBL1068435 
035 |a (CaPaEBR)ebr10626262 
035 |a (CaONFJC)MIL414759 
035 |a (OCoLC)819518486 
040 |a MiAaPQ  |c MiAaPQ  |d MiAaPQ 
050 4 |a HF5415.13  |b .M53 2013 
100 1 |a Middleton, Daina. 
245 1 0 |a Marketing in the participation age  |h [electronic resource] :  |b a guide to motivating people to join, share, take part, connect, and engage /  |c Daina Middleton. 
260 |a Hoboken, N.J. :  |b Wiley,  |c 2013. 
300 |a xvii, 205 p. 
504 |a Includes bibliographical references and index. 
533 |a Electronic reproduction. Ann Arbor, MI : ProQuest, 2015. Available via World Wide Web. Access may be limited to ProQuest affiliated libraries. 
650 0 |a Marketing  |x Management. 
655 4 |a Electronic books. 
710 2 |a ProQuest (Firm) 
856 4 0 |u https://ebookcentral.proquest.com/lib/matrademy/detail.action?docID=1068435  |z Click to View